Normal view
MARC view
- China
Entry Geographic Name
001 - CONTROL NUMBER
- control field: 125626
003 - CONTROL NUMBER IDENTIFIER
- control field: NUST
005 - DATE AND TIME OF LATEST TRANSACTION
- control field: 20240903131138.0
008 - FIXED-LENGTH DATA ELEMENTS
- fixed length control field: 240903|| aca||aabn | a|a d
040 ## - CATALOGING SOURCE
- Original cataloging agency: NUST
- Transcribing agency: NUST
151 ## - HEADING--GEOGRAPHIC NAME
- Geographic name: China
- General subdivision: Civilization
- Chronological subdivision: 20th century
670 ## - SOURCE DATA FOUND
- Source citation: Work cat.: (NUST)0: 880-01 Sun, Jiazheng. 125624, Dang dai zhong guo wen hua de zhui qiu yu meng xiang =, 2007.
